000
00309nam a2200121Ia 4500
008
190216s9999||||xx |||||||||||||| ||und||
100
_a
Jain P C
245
0
_a
Business Studies: Principles And Functions Of Management
260
_b
Satish Brothers
_c
2003
300
_a
192
650
_a
Commerce
942
_c
REF
999
_c
36709
_d
36709